Flaggen zur größten Stadt - Statistiken

Allgemein
  • Dieses Quiz wurde 34 mal gespielt
  • Das Durchschnittsergebnis liegt bei 13 aus 20
Antwortstatistiken
Bildquiz Antwort % Korrekt
New York
100%
Zürich
97%
Seoul
90%
Istanbul
84%
Sao Paulo
84%
Tel Aviv
84%
Athen
81%
Oslo
77%
Johannesburg
71%
Riad
71%
Auckland
68%
Casablanca
65%
Toronto
65%
Dubai
52%
Ho-Chi-Minh-Stadt
52%
Kinshasa
52%
Almaty
42%
Dar es Salaam
39%
Karatschi
39%
Rangun
19%
Keine übereinstimmenden Quizze gefunden
Verteilung der Resultate
Anzahl Personen mit jedem Resultat
Perzentil nach korrekt beantworteten Fragen
Ihre Resultats-Entwicklung
Sie haben dieses Quiz noch nicht gespielt